000 00511nam a2200169Ia 4500
999 _c23157
_d23157
003 OSt
005 20200612135652.0
008 190216s9999||||xx |||||||||||||| ||und||
020 _a9789350843932
040 _coclc
082 _a001.432
_bSIN/R
100 _aSingh, Amar Kant
_92845
245 0 _aResearch Methodology And Techniques In History /
_cAmar Kant Singh
260 _bCentrum Press,
_c2014.
_aNew Delhi:
300 _a328p
942 _cBK
_2ddc
_h001.432
_iSIN/R
_k001.432
_mSIN/R